Responses for Show #3769 - Thursday, January 11, 2001

Michael Arnone game 3.

Contestants

[<< previous game]

Nancy Olinger, an assistant attorney general from Austin, Texas

Justin Dawes, an artist from Portland, Oregon

Michael Arnone, a graduate student originally from Pennington, New Jersey (whose 2-day cash winnings total $15,900)

[next game >>]

Jeopardy! Round responses

NEW YORK, NEW YORK
ALL THE KING'S SONGS
(Alex: We'll give you the lyric, you name the Elvis hit in the category.)
AMPHIBIANS
AUSSIE ODDS & ENDS
NAME GAME
COMPLETES THE PROVERB
    $100 1
Easter

Nancy
    $100 4
(Justin: What is "Hound Dog"?)

"Don't Be Cruel"

MichaelJustin
    $100 11
South America

Michael
    $100 16
Summer Olympic Games

Justin
    $100 21
Dylan

Nancy
    $100 26
In one basket

Michael
    $200 2
"Subway Series"

Nancy
    $200 7
"Jailhouse Rock"

Justin
    $200 12
Eel

Triple Stumper
    $200 17
Aborigines

Michael
    $200 22
Matthew

Michael
    $200 27
Big ears

Michael
    $300 3
(J: Who is Rockefeller?)
(Alex: Which one?)
(J: Nelson?)
(Alex: No.)
(J: Andrew?)

John D. Rockefeller

Justin
Triple Stumper
    $300 8
"Return to Sender"

Michael
    $300 13
Goliath

Michael
    $300 18
World War II

Nancy
    $1,500 23
Bear (ursus)

Michael
    $300 28
Broken

Nancy
    $400 5
New York Post

Michael
    $400 9
"Viva Las Vegas"

Michael
    $400 14
(M: What is a gecko?)

Newt

MichaelJustin
    $400 19
Dingo (wild dog)

Michael
    $400 24
Hungary

Michael
    $400 29
The grease

Michael
    $500 6
Cotton Club

Michael
    $500 10
(Alex: And I want you to know that I could not sing those songs for you; I know you wanted me to, but they would have had to pay me extra!)

"Suspicious Minds"

Triple Stumper
    $500 15
Undulate

Michael
    $500 20
Men at Work

Michael
    $500 25
(we have less than a minute to go...)

Yuri (as in Yuri Gagarin)

Triple Stumper
    $500 30
Fair lady

Triple Stumper

Scores at the first commercial break (after clue 15):

Michael Justin Nancy
$2,200 $200 $300

Scores at the end of the Jeopardy! Round:

Michael Justin Nancy
$6,100 $300 $1,000

Double Jeopardy! Round responses

LITERARY FIRST LINES
(Alex: I hope you are well read!)
FRUITS & VEGETABLES
(Alex: I hope you eat!)
"R-U" SERIOUS?
IN THE NAVY
YMCA
MACHO MAN
(Alex: Hey, we've got a theme developing there!)
    $200 9
"Catch-22"

Nancy
    $200 26
Strawberries

Michael
    $200 14
Rungs

Nancy
    $200 19
Vietnam War (reference to the Gulf of Tonkin incident)

Triple Stumper
    $200 6
Basketball

Michael
    $200 1
Jesse Ventura

Justin
    $400 10
"The Old Man and the Sea"

Michael
    $400 27
Wax

Nancy
    $400 15
Rummy

Michael
    $400 20
Admiral

Michael
    $400 7
San Francisco

Justin
    $400 2
Sylvester Stallone

Michael
    $600 11
"The Wind in the Willows"

Michael
    $600 28
Orange

Michael
    $600 16
Ruby Tuesday

Justin
    $3,000 21
Enterprise

Michael
    $900 8
Nobel Peace Prize

Justin
    $600 3
Russell Crowe

Michael
    $800 12
"1984"

Triple Stumper
    $800 29
Bananas

Justin
    $800 17
Rubella

Michael
    $800 22
Russia

Michael
    $800 24
(with a minute to go...)

London

Triple Stumper
    $800 4
Shaquille O'Neal

Michael
    $1000 13
"Hans Brinker"/"The Silver Skates"

Justin
    $1000 30
(J: What are pears?)

Apples

JustinNancy
    $1000 18
Rudolph

Nancy
    $1000 23
(Alex: [Glaring at the camera because of the bad pun] I have problems enough!)

Adm. Karl Dönitz

Triple Stumper
    $1000 25
USO (United Service Organizations)

Nancy
    $1000 5
(N: Who is Goldberg?)

The Rock

MichaelNancy

Scores at the end of the Double Jeopardy! Round:

Michael Justin Nancy
$16,300 $3,200 $3,800
(lock game)

[wagering suggestions for these scores]

Final Jeopardy! Round responses

WOMEN IN SPORTS
JustinWho is Johnson?
$3,199
NancyWho is Peggy Fleming?
$3,800
MichaelWho is Peggy Fleming?
$8,699
Peggy Fleming

Final scores:

Michael Justin Nancy
$24,999 $1 $7,600
3-day champion: $40,899 3rd place: Cambridge Sound Works High Performance Power Speakers 2nd place: Trip to Miami, Florida, courtesy of Yahoo! Travel

Game dynamics:

Coryat scores:

Michael Justin Nancy
$12,700 $2,900 $3,800
31 R
(including 2 DDs),
1 W
9 R
(including 1 DD),
3 W
11 R,
1 W

Combined Coryat: $19,400

[game clues] [game scores] [suggest correction]

Game tape date: 2000-11-01
The J! Archive is created by fans, for fans. Scraping, republication, monetization, and malicious use prohibited; this site may use cookies and collect identifying information. See terms. The Jeopardy! game show and all elements thereof, including but not limited to copyright and trademark thereto, are the property of Jeopardy Productions, Inc. and are protected under law. This website is not affiliated with, sponsored by, or operated by Jeopardy Productions, Inc. Join the discussion at JBoard.tv.